00418cam a22001097a 4500008003800000082001700038245010200055260004300157500003300200650003300233700004200266180718b-- xxu||||| |||| 00| 0 eng d aL906x54131 E aEpitome of CAG's reports on the government of Jharkhandcby Accountant General (Audit), Jharkhand aRanchibAccountant General (Audit)c-- aLibrary has 2001/02, 2004/05 aAuditing - India - Jharkhand aJharkhand. Accountant General (Audit)